| 000 | 00657nam a2200193 i 4500 | ||
|---|---|---|---|
| 001 | 146805 | ||
| 003 | ES-MaACL | ||
| 005 | 20230906201657.0 | ||
| 007 | t| | ||
| 008 | 070918s1969 sp ||||1| spa d | ||
| 080 | _a629.113.004.67 Ford | ||
| 100 | 1 |
_aTruelsen, Elith. _9111552 |
|
| 245 | 1 | 0 |
_aReparauto _b: breve manual de reparación del Ford Cortina nuevo 1967, Cortina "68" 1968 / _cpor E. Truelsen ; traducido por M. Thermelle. |
| 260 |
_aMadrid : _bAtika, _c[1969] |
||
| 300 |
_a47 p. : _bil. ; _c25 cm. |
||
| 650 | 1 | 4 |
_aFord Cortina (Automóvil)- _xReparaciones. _912924 |
| 700 | 1 |
_aThermolle, M. _9109905 |
|
| 852 |
_aES-MaACL _jC-41811 _bR.72393 |
||
| 999 |
_c146805 _d146805 |
||